| 000 | 00598nam a22001937a 4500 | ||
|---|---|---|---|
| 003 | BCEG | ||
| 005 | 20260127133214.0 | ||
| 008 | 260127k2011 sp|||||| |||| 00| 0 spa d | ||
| 022 | _21698532X | ||
| 040 |
_aBCEG _bspa _cBCEG |
||
| 245 | 0 | 0 |
_aRevista de libros de la Fundación Caja Madrid _h[Revista]. |
| 260 |
_aMadrid : _bTurner Publicaciones, _c2011-. |
||
| 300 |
_av. _b: il. |
||
| 310 | _aMensual. | ||
| 650 | 1 | 4 |
_aLibros y lectura _vReseñas _vPublicaciones periódicas. |
| 650 | 1 | 4 |
_aLibrerías _zEspaña _vPublicaciones periódicas. |
| 942 | _cCR | ||
| 999 |
_c437063 _d437063 |
||